000 01171nam2a2200301 4500
001 RU\NLR\bibl\293116
005 20250620142944.0
021 _aRU
_b2002-14442
_9725
035 _a(NLR Aleph) 000288471
090 _a1688791
_c1688791
100 _a20020723d2001 |||y0rusy50 ca
101 0 _arus
102 _aRU
105 _aa |||||||||
200 0 _aЧ. 2
210 _d2001
_aБ. м.
215 _a136 с.
_cил.
320 _aБиблиогр.: с. 133-134 (31 назв.)
461 0 _1001RU\NLR\bibl\293596
_12001#$aВоздушный транспорт в современном мире$vЧ. 2
_91691604
_aОлянюк, П. В.
_cСПб.
_d2001
_fП.В. Олянюк
_nАкад. ГА
_oУчеб. пособие : [Для студентов всех фак. Акад. гражд. авиации]
_tВоздушный транспорт в современном мире
_vЧ. 2
675 _a656.7:658(470)(075.8)
_v3
_zrus
686 _a73.37
_2rugasnti
686 _a65.37я73
_2rubbk
801 0 _aRU
_bRKP
_c20020723
_gPSBO
801 1 _aRU
_bRKP
_c20020723
801 2 _aRU
_bNLR
_c20020827
_grcr
942 _cBOOK
980 _aNB